000 00533nam a22001937a 4500
003 KOHA_MİRAKIL
005 20251221134048.0
008 251221b tu ||||| |||| 00| 0 tur d
020 _a9789944298292
040 _aTR-AnABB
_btur
_cTR-AnABB
041 _atur
082 _a320.9561
_bCOK 2009
100 1 _aSinanoğlu, Oktay,
245 1 0 _aÇökmeden /
_cOktay Sinanoğlu
260 _aİstanbul :
_bDestek Yayıınları,
_c2009
300 _a230 sayfa ;
_c20 cm
650 0 4 _aTürk edebiyatı, roman
942 _2ddc
_cBK
999 _c9834
_d9834
900 _bGizem YORULMAZ